| 000 | 01170nam a22002897a 4500 | ||
|---|---|---|---|
| 999 |
_c51056 _d51056 |
||
| 005 | 20230613163611.0 | ||
| 008 | 110315t xxu||||| |||| 00| 0 eng d | ||
| 010 | _aENG-102127 ENG-137128 | ||
| 020 |
_a9780071070843 _c1625.00 |
||
| 020 |
_a0071070842 _c750.00 |
||
| 035 | _aEN-85660 EN-120660 | ||
| 037 | _bDBAD / PUB | ||
| 040 |
_adpl _bEng |
||
| 082 | _a658.562 | ||
| 100 |
_926524 _aPyzdek, Thomas |
||
| 245 |
_aThe Six Sigma handbook : _cby Thomas Pyzdek [and] Paul A. Keller _ba complete guide for green belts, black belts, and managers at all levels / |
||
| 250 | _a3rd ed | ||
| 260 |
_aNew Delhi _bTata McGraw Hill _c2010 |
||
| 270 |
_a7, West Patel Nagar _bNew Delhi _e110008 _k011-45546396 _mregalbookspub@yahoo.com |
||
| 300 |
_axii,548p. _c25 cm (Hb) |
||
| 500 | _aIncludes bibliographicalreferences and index | ||
| 650 |
_926546 _aProduction management _vHandbooks, manuals, etc. |
||
| 650 |
_aQuality control _xStatistical methods _926575 _vHandbooks, manuals, etc. |
||
| 650 |
_aSix sigma (Quality control standard) _xHandbooks, manuals, etc. _926576 |
||
| 700 |
_926525 _aKeller, Paul A. |
||
| 942 |
_adpl _cEN _2ddc _h658.562 _mPYZ |
||